Report on the geologial reconnoissance of Kentucky, (Record no. 24081)

MARC details
000 -LEADER
fixed length control field 00769cam a22002291 4500
001 - CONTROL NUMBER
control field gs 04000001
003 - CONTROL NUMBER IDENTIFIER
control field DLC
005 - DATE AND TIME OF LATEST TRANSACTION
control field 20260227111259.0
008 - FIXED-LENGTH DATA ELEMENTS--GENERAL INFORMATION
fixed length control field 780210s1839 kyu 000 0 eng c
010 ## - LIBRARY OF CONGRESS CONTROL NUMBER
LC control number gs 04000001
035 ## - SYSTEM CONTROL NUMBER
System control number (OCoLC)3625955
040 ## - CATALOGING SOURCE
Original cataloging agency U.S. Geol. Survey. Libr.
Transcribing agency NRU
Modifying agency DLC
042 ## - AUTHENTICATION CODE
Authentication code premarc
050 00 - LIBRARY OF CONGRESS CALL NUMBER
Classification number QE115
Item number .M27
100 1# - MAIN ENTRY--PERSONAL NAME
Personal name Mather, W. W.
Fuller form of name (William Williams),
Dates associated with a name 1804-1859.
245 00 - TITLE STATEMENT
Title Report on the geologial reconnoissance of Kentucky,
Remainder of title made in 1838.
Statement of responsibility, etc. By W. W. Mather, geologist and mining engineer.
260 ## - PUBLICATION, DISTRIBUTION, ETC.
Place of publication, distribution, etc. [Frankfort,
Date of publication, distribution, etc. 1839]
300 ## - PHYSICAL DESCRIPTION
Extent 40 p.
Dimensions 25 cm.
500 ## - GENERAL NOTE
General note Caption title.
500 ## - GENERAL NOTE
General note Report is addressed to the governor and was laid before the House of Representatives.
650 #0 - SUBJECT ADDED ENTRY--TOPICAL TERM
Topical term or geographic name entry element Geology
Geographic subdivision Kentucky.

No items available.

Powered by Koha